Семейный бизнес по-русски

Библиографические подробности
Главный автор: Шнуровозова Т. В. Татьяна Владимировна
Примечания:В книге подробно описываются этапы открытия своего бизнеса — от идеи и составления бизнес-плана до подбора персонала и работы с ним.Особое внимание автор уделяет психологическим аспектам работы с родственниками и «чужими» людьми, отвечает на такие вопросы, как «Кому доверить ключевые посты?», «Как делить бизнес и прибыль?» и др. Рассматриваются особенности взаимоотношений родственников на работе и то, как влияет общее дело на родственные связи. Теоретические положения подкреплены богатым материалом из практики семейного бизнеса автора и его знакомых. Рассмотрены примеры как мелких, так и крупных семейных компаний. Для желающих начать семейный бизнес.
Язык:русский
Опубликовано: Москва, Дашков и К, 2010
Предметы:
Формат: Книга
Запись в KOHA:https://koha.lib.tpu.ru/cgi-bin/koha/opac-detail.pl?biblionumber=180256

MARC

LEADER 00000nam0a2200000 4500
001 180256
005 20231101223530.0
010 |a 9785394007972 
035 |a (RuTPU)RU\TPU\book\195406 
090 |a 180256 
100 |a 20100513d2010 km y0rusy50 ca 
101 0 |a rus 
102 |a RU 
105 |a y z 001zy 
200 1 |a Семейный бизнес по-русски  |f Т. В. Шнуровозова 
210 |a Москва  |c Дашков и К  |d 2010 
215 |a 208 с. 
320 |a Библиогр.: с. 207. 
330 |a В книге подробно описываются этапы открытия своего бизнеса — от идеи и составления бизнес-плана до подбора персонала и работы с ним.Особое внимание автор уделяет психологическим аспектам работы с родственниками и «чужими» людьми, отвечает на такие вопросы, как «Кому доверить ключевые посты?», «Как делить бизнес и прибыль?» и др. Рассматриваются особенности взаимоотношений родственников на работе и то, как влияет общее дело на родственные связи. Теоретические положения подкреплены богатым материалом из практики семейного бизнеса автора и его знакомых. Рассмотрены примеры как мелких, так и крупных семейных компаний. Для желающих начать семейный бизнес. 
606 1 |a Семейная экономика  |2 stltpush  |3 (RuTPU)RU\TPU\subj\54559  |9 72695 
610 1 |a бизнес 
610 1 |a семья 
610 1 |a семейный бизнес 
610 1 |a Россия 
610 1 |a зарубежный опыт 
610 1 |a предпринимательская деятельность 
610 1 |a психология 
610 1 |a бизнес-планы 
610 1 |a семейный коллектив 
610 1 |a корпоративная культура 
610 1 |a конфликты 
610 1 |a безопасность 
686 |a У9(2)49  |v LBC/SL-A  |2 rubbk 
700 1 |a Шнуровозова  |b Т. В.  |g Татьяна Владимировна 
801 1 |a RU  |b 63413507  |c 20100513 
801 2 |a RU  |b 63413507  |c 20100930  |g RCR 
942 |c BK 
959 |a 31/20100513  |d 1  |e 154,00  |f ЧЗГЛ:1